| 000 | 00339nam a2200097Ia 4500 | ||
|---|---|---|---|
| 008 | 220120s9999||||xx |||||||||||||| ||und|| | ||
| 100 |
_aAmith S and others _912529 |
||
| 245 | 0 | _aAdaptive intervention architectured for children with autism | |
| 260 |
_aCoorg Institute of Technology _bPonnampet _c2010 |
||
| 650 | _aELECTRONICS AND COMMUNICATIONS | ||
| 999 |
_c138127 _d138127 |
||